|
|
|
|
| LEADER |
03302nam a22005655i 4500 |
| 001 |
978-3-540-30786-0 |
| 003 |
DE-He213 |
| 005 |
20151204151436.0 |
| 007 |
cr nn 008mamaa |
| 008 |
100301s2006 gw | s |||| 0|eng d |
| 020 |
|
|
|a 9783540307860
|9 978-3-540-30786-0
|
| 024 |
7 |
|
|a 10.1007/3-540-30786-9
|2 doi
|
| 040 |
|
|
|d GrThAP
|
| 050 |
|
4 |
|a QH505
|
| 072 |
|
7 |
|a PHVN
|2 bicssc
|
| 072 |
|
7 |
|a PHVD
|2 bicssc
|
| 072 |
|
7 |
|a SCI009000
|2 bisacsh
|
| 082 |
0 |
4 |
|a 571.4
|2 23
|
| 245 |
1 |
0 |
|a Advanced Techniques in Biophysics
|h [electronic resource] /
|c edited by José Luis R. Arrondo, Alicia Alonso.
|
| 264 |
|
1 |
|a Berlin, Heidelberg :
|b Springer Berlin Heidelberg,
|c 2006.
|
| 300 |
|
|
|a XIV, 280 p.
|b online resource.
|
| 336 |
|
|
|a text
|b txt
|2 rdacontent
|
| 337 |
|
|
|a computer
|b c
|2 rdamedia
|
| 338 |
|
|
|a online resource
|b cr
|2 rdacarrier
|
| 347 |
|
|
|a text file
|b PDF
|2 rda
|
| 490 |
1 |
|
|a Springer Series in Biophysics,
|x 0932-2353 ;
|v 10
|
| 505 |
0 |
|
|a Protein Nanocrystallization -- Differential Scanning Calorimetry of Proteins: an Overview and Some Recent Developments -- IR Reflectance — Absorbance Studies of Peptide Structure, Orientation, and Conformational Flexibility in Langmuir Films: Relevance for Models of Pulmonary Surfactant Action -- Two-Dimensional Infrared Correlation Spectroscopy -- NMR Spectroscopy of Large Biological Macromolecules in Solution -- Emerging Techniques in Fast Multidimensional NMR -- Principles and Application of Projected Multidimensional NMR Spectroscopy — G-matrix Fourier Transform NMR -- Protein Nanomechanics — as Studied by AFM Single-Molecule Force Spectroscopy -- Multiphoton-Excitation Fluorescence Microscopy and Membranes -- Three-Dimensional Electron Microscopy. The Coming of Age of a Versatile Structural Biology Technique.
|
| 520 |
|
|
|a Technical advancements are basic elements in our life. In biophysical studies, new applications and improvements in well-established techniques are being implemented every day. This book deals with advancements produced not only from a technical point of view, but also from new approaches that are being taken in the study of biophysical samples, such as nanotechniques or single-cell measurements. This book constitutes a privileged observatory for reviewing novel applications of biophysical techniques that can help the reader enter an area where the technology is progressing quickly and where a comprehensive explanation is not always to be found.
|
| 650 |
|
0 |
|a Physics.
|
| 650 |
|
0 |
|a Biotechnology.
|
| 650 |
|
0 |
|a Biochemistry.
|
| 650 |
|
0 |
|a Cell biology.
|
| 650 |
|
0 |
|a Biology
|x Technique.
|
| 650 |
|
0 |
|a Biophysics.
|
| 650 |
|
0 |
|a Biological physics.
|
| 650 |
1 |
4 |
|a Physics.
|
| 650 |
2 |
4 |
|a Biophysics and Biological Physics.
|
| 650 |
2 |
4 |
|a Microengineering.
|
| 650 |
2 |
4 |
|a Biochemistry, general.
|
| 650 |
2 |
4 |
|a Biological Techniques.
|
| 650 |
2 |
4 |
|a Cell Biology.
|
| 700 |
1 |
|
|a Arrondo, José Luis R.
|e editor.
|
| 700 |
1 |
|
|a Alonso, Alicia.
|e editor.
|
| 710 |
2 |
|
|a SpringerLink (Online service)
|
| 773 |
0 |
|
|t Springer eBooks
|
| 776 |
0 |
8 |
|i Printed edition:
|z 9783540307006
|
| 830 |
|
0 |
|a Springer Series in Biophysics,
|x 0932-2353 ;
|v 10
|
| 856 |
4 |
0 |
|u http://dx.doi.org/10.1007/3-540-30786-9
|z Full Text via HEAL-Link
|
| 912 |
|
|
|a ZDB-2-PHA
|
| 950 |
|
|
|a Physics and Astronomy (Springer-11651)
|